000
00268nam a22001097a 4500
008
240530b |||||||| |||| 00| 0 eng d
100
_a
Miya, Shah Aladin
_9
14907
245
_a
Nushk Gul Gul
260
_a
New york:
_b
Acadmic Pub.;
_c
1960.
300
_a
360p.
942
_c
BK
999
_c
39303
_d
39303